000 00335nam a22001337a 4500
008 170830b xxu||||| |||| 00| 0 eng d
020 _a9781617400254
041 _aeng
080 _24TH
_a070
100 _a40
101 _aMED
245 _aTHE ENGAGED CITIZEN A READER FOR COMPOSITION AND COMMUNICATION
_cMILLS,SH
942 _2udc
_cBK
999 _c25650
_d25650